01662nas a2200241Ia 4500001001100000003001000011008004100021040002500062041001300087100002600100210002500126222002500151245014100176250001100317260004700328300001200375310001500387362003500402500042000437501011400857520042000971650002901391R200-R1721IT-CnALBA170116c99999999xx |||||||||||| ||und|| aIT-CnALBAcIT-CnALBA aITALIANO aPIZZUTI DOMENICO, SJ. aRASSEGNA DI TEOLOGIA aRASSEGNA DI TEOLOGIA 0aRASSEGNA DI TEOLOGIA. N. VI ANNO XXX NOVEMBRE DICEMBRE 1989. RIVISTA DI TEOLOGIA E SCIENZE UMANE. b RIVISTA DI TEOLOGIA E SCIENZE UMANE a1a ed. aROMAbAVE, ANONIMA VERITA'S EDITRICEc1989 a104 p.  aBIMESTRALE aFascicolo: 6 / Anno: 30 (1989) aRINNOVAMENTO TEOLOGICO. TRENT''ANNI DI PRESENZA TEOLOGICA. CHIESA ITASLIANA E MEZZOGIORNO. GESÙ E LA LEGGE. FILOSOFIA CRISTIANA. PROSPETTIVE TEOLOGICHE DEL POSTMODERNO. TEOLOGIA NELL'AREA MERIDIONALE. CONFIGURAZIONE GIURIDICA DEGLI ISTITUTI DI SCIENZE RELIGIOSE. FORUM ATI ASSOCIAZIONE TEOLOGICA ITALIANA, CONOSCENZA ARTISTICA E TEOLOGICA. RECENSIONI LIBRI IN VISIONE. MURATORE S. CIPRIANI S. LORIZIO G. ZARRI A.  aSocietà San Paolo EM - Piazza San Paolo, 14 - 12051 ALBA (CN) (non commercial uses only) ® Copyright 2017 aRINNOVAMENTO TEOLOGICO. TRENT''ANNI DI PRESENZA TEOLOGICA. CHIESA ITASLIANA E MEZZOGIORNO. GESÙ E LA LEGGE. FILOSOFIA CRISTIANA. PROSPETTIVE TEOLOGICHE DEL POSTMODERNO. TEOLOGIA NELL'AREA MERIDIONALE. CONFIGURAZIONE GIURIDICA DEGLI ISTITUTI DI SCIENZE RELIGIOSE. FORUM ATI ASSOCIAZIONE TEOLOGICA ITALIANA, CONOSCENZA ARTISTICA E TEOLOGICA. RECENSIONI LIBRI IN VISIONE. MURATORE S. CIPRIANI S. LORIZIO G. ZARRI A.  aTEOLOGIA - SCIENZE UMANE